00850nam a2200205 i 4500001000700000003000900007005001700016007000300033008004100036100002600077245028400103260003400387300002200421490005500443650001700498700004400515700002700559830003700586852002100623133542ES-MaACL20251015170207.0t|070820q1910 sp ||||1| spa d1 aWolff-Eisner, Alfred.10aTratado de sueroterapia y de terapéutica experimental : manual para los clínicos y médicos prácticos / cpublicado bajo la dirección del Dr. Wolff-Eisner ; con la colaboración de F. Blumenthal ... [et al.] ; traducción directa del alemán por... García del Real. aMadrid : bCalleja, c[1910?] a450 p. ; c25 cm.1 aBiblioteca de ciencias médicas. 2. Tercera serie14aSeroterapia.0 aGarcía del Real, Eduardo, d1870-19461 aBlumenthal, Ferdinand.00aBiblioteca de ciencias médicas aES-MaACLjF-2424